| 000 | 00315nam a22001097a 4500 | ||
|---|---|---|---|
| 008 | 230621b xxu||||| |||| 00| 0 eng d | ||
| 082 |
_a328.3 _bCPA 1986 |
||
| 245 | _aReport of the Report of the Commonwealth Parliamentary Association | ||
| 260 |
_aZimbabwe _bParliament of Zimbabwe |
||
| 300 | _a32p | ||
| 942 |
_2ddc _cBK |
||
| 999 |
_c2076 _d2076 |
||